[Event "FRA-chT1 1011"]
[Site "France"]
[Date "2010.12.11"]
[Round "4.6"]
[White "Karim, Ismael"]
[Black "Monsieux, Cyril"]
[Result "1/2-1/2"]
[WhiteElo "2363"]
[BlackElo "2297"]
[PlyCount "122"]
[EventDate "2010.10.17"]
[EventType "team-tourn"]
[EventRounds "11"]
[EventCountry "FRA"]
[SourceTitle "EXT 2012"]
[Source "ChessBase"]
[SourceDate "2011.11.24"]
[SourceVersion "1"]
[SourceVersionDate "2011.11.24"]
[SourceQuality "1"]

1. e4 g6 2. d4 Bg7 3. Nf3 d6 4. Be2 Nf6 5. Nc3 0-0 6. 0-0 c6 7. a4 Qc7 8. Be3 e5 9. dxe5 dxe5 10. Nd2 Rd8 11. h3 Nbd7 12. a5 Nf8 13. b4 Ne6 14. Qb1 Bf8 15. Na4 c5 16. b5 Qxa5 17. Nxc5 Qc3 18. Na4 Qb4 19. Qxb4 Bxb4 20. c3 Bc5 21. Nxc5 Nxc5 22. Bxc5 Rxd2 23. Bf3 Bd7 24. c4 Be6 25. Rfc1 a6 26. Bb4 Rd4 27. bxa6 bxa6 28. Bc3 Rxc4 29. Bxe5 Rxc1+ 30. Rxc1 Nd7 31. Bd4 Rb8 32. Ra1 Bc4 33. Rc1 Be6 34. Ra1 Bc4 35. Bg4 Nf8 36. f4 Bd3 37. e5 h5 38. Bf3 Ne6 39. Be3 Rb4 40. Rd1 Be4 41. Be2 a5 42. Bf1 a4 43. Ra1 Rb1 44. Ra3 Bc6 45. Kf2 Rb2+ 46. Ke1 h4 47. Bd3 Rxg2 48. f5 gxf5 49. Bxf5 Rb2 50. Rc3 Bb7 51. Rd3 Rb5 52. Kd2 Rc5 53. Bg4 Rd5 54. Rxd5 Bxd5 55. Bf2 a3 56. Bxe6 a2 57. Bxf7+ Kxf7 58. Bd4 Be6 59. Kc1 Bxh3 60. Kb2 Ke6 61. Bf2 Bg4 1/2-1/2

[Event "FRA-ch Accession"]
[Site "Belfort"]
[Date "2010.??.??"]
[Round "3"]
[White "Etrog, Jonathan"]
[Black "Monsieux, Cyril"]
[Result "1/2-1/2"]
[WhiteElo "2164"]
[BlackElo "2300"]
[PlyCount "71"]
[EventDate "2010.08.09"]
[EventType "swiss"]
[EventRounds "11"]
[EventCountry "FRA"]
[SourceTitle "CBM 138 Extra"]
[Source "ChessBase"]
[SourceDate "2010.10.29"]
[SourceVersion "1"]
[SourceVersionDate "2010.10.29"]
[SourceQuality "1"]

1. c4 c5 2. g3 Nf6 3. Bg2 d5 4. cxd5 Nxd5 5. Nc3 Nc7 6. Nf3 Nc6 7. 0-0 e5 8. Ne1 Bd7 9. b3 Be7 10. Nd3 f6 11. f4 exf4 12. Nxf4 0-0 13. Bb2 Rb8 14. e3 b6 15. Ncd5 Bd6 16. Nxc7 Bxc7 17. Qh5 Qe8 18. Bd5+ Kh8 19. Qh4 Nb4 20. Bc4 Be5 21. Bxe5 fxe5 22. Nh3 Bxh3 23. Qxh3 e4 24. Rxf8+ Qxf8 25. Rf1 Qd6 26. Qf5 h6 27. Rf2 b5 28. Bf1 Nd3 29. Bxd3 exd3 30. Qe4 Rd8 31. Rf5 a5 32. Re5 c4 33. Re8+ Rxe8 34. Qxe8+ Kh7 35. bxc4 Qa3 36. Qe4+ 1/2-1/2

[Event "FRA-ch Accession"]
[Site "Belfort"]
[Date "2010.??.??"]
[Round "4"]
[White "Monsieux, Cyril"]
[Black "Cappon, John"]
[Result "1/2-1/2"]
[WhiteElo "2300"]
[BlackElo "2229"]
[PlyCount "53"]
[EventDate "2010.08.09"]
[EventType "swiss"]
[EventRounds "11"]
[EventCountry "FRA"]
[SourceTitle "CBM 138 Extra"]
[Source "ChessBase"]
[SourceDate "2010.10.29"]
[SourceVersion "1"]
[SourceVersionDate "2010.10.29"]
[SourceQuality "1"]

1. e4 e6 2. d4 d5 3. Nd2 dxe4 4. Nxe4 Bd7 5. Nf3 Bc6 6. Bd3 Nd7 7. Qe2 Ngf6 8. Ng3 Be7 9. Bd2 Bxf3 10. Qxf3 c6 11. 0-0 Nf8 12. c3 Ng6 13. Rfd1 Qc7 14. c4 Rd8 15. Bc3 0-0 16. Rac1 Nh4 17. Qe2 Rfe8 18. Ne4 Ng6 19. Qe1 Ng4 20. g3 b6 21. h3 Nh6 22. Bf1 f5 23. Nd2 Bf6 24. Nb3 Nf7 25. f4 h5 26. h4 Nh6 27. Bg2 1/2-1/2

[Event "FRA-chT1 0910"]
[Site "France"]
[Date "2009.12.13"]
[Round "7.4"]
[White "Colovic, Aleksandar"]
[Black "Monsieux, Cyril"]
[Result "1-0"]
[WhiteElo "2441"]
[BlackElo "2302"]
[PlyCount "76"]
[EventDate "2009.09.27"]
[EventType "team-tourn"]
[EventRounds "11"]
[EventCountry "FRA"]
[SourceTitle "EXT 2011"]
[Source "ChessBase"]
[SourceDate "2010.11.26"]
[SourceVersion "1"]
[SourceVersionDate "2010.11.26"]
[SourceQuality "1"]

1. d4 Nf6 2. c4 e6 3. g3 Be7 4. Bg2 0-0 5. e4 d6 6. Nc3 c5 7. d5 exd5 8. cxd5 Re8 9. Nge2 Bf8 10. 0-0 b5 11. Qc2 a6 12. b3 Nbd7 13. Bb2 Nb6 14. Rae1 Ra7 15. a4 b4 16. Nd1 a5 17. Ne3 Ng4 18. Nc4 Nxc4 19. bxc4 Ba6 20. Nc1 Nf6 21. f4 Nd7 22. Nb3 Bc8 23. e5 Nb6 24. Nd2 Bd7 25. Ra1 Qb8 26. Ne4 dxe5 27. Ng5 g6 28. fxe5 Rxe5 29. Ne4 Bf5 30. Nf6+ Kg7 31. Rxf5 gxf5 32. Rf1 Be7 33. Nh5+ Kf8 34. Rxf5 b3 35. Rxf7+ Kxf7 36. Qxh7+ Ke8 37. Nf6+ Bxf6 38. Qg8+ Kd7 1-0

[Event "FRA-chT1A 0809"]
[Site "France"]
[Date "2009.02.07"]
[Round "6.4"]
[White "Monsieux, Cyril"]
[Black "Sermier, Guillaume"]
[Result "0-1"]
[WhiteElo "2297"]
[BlackElo "2382"]
[PlyCount "52"]
[EventDate "2008.10.19"]
[EventType "team-tourn"]
[EventRounds "11"]
[EventCountry "FRA"]
[SourceTitle "EXT 2010"]
[Source "ChessBase"]
[SourceDate "2010.11.25"]
[SourceVersion "1"]
[SourceVersionDate "2010.11.25"]
[SourceQuality "1"]
[WhiteTeam "Belfort"]
[BlackTeam "Besancon TPG"]
[WhiteTeamCountry "FRA"]
[BlackTeamCountry "FRA"]

1. e4 c5 2. Nf3 d6 3. d4 cxd4 4. Nxd4 Nf6 5. Nc3 a6 6. Bg5 e6 7. f4 Qc7 8. Qf3 b5 9. a3 Nbd7 10. 0-0-0 Bb7 11. Bxf6 Nxf6 12. f5 e5 13. Nb3 Rc8 14. Bd3 Be7 15. Kb1 Qb6 16. Nd5 Bxd5 17. exd5 Nd7 18. Qg4 Bf6 19. Qb4 0-0 20. Na5 Nc5 21. g4 e4 22. Bf1 Na4 23. Nc6 Bxb2 24. Qxd6 Bf6 25. g5 Rfd8 26. Qf4 Qxc6 0-1

[Event "FRA-chT1B 0708"]
[Site "France"]
[Date "2008.03.15"]
[Round "8.3"]
[White "Dobrev, Nanko"]
[Black "Monsieux, Cyril"]
[Result "1-0"]
[WhiteElo "2448"]
[BlackElo "2338"]
[PlyCount "85"]
[EventDate "2007.10.21"]
[EventType "team"]
[EventRounds "11"]
[EventCountry "FRA"]
[SourceTitle "EXT 2009"]
[Source "ChessBase"]
[SourceDate "2008.11.26"]
[SourceVersion "1"]
[SourceVersionDate "2008.11.26"]
[SourceQuality "1"]
[WhiteTeam "Grasse"]
[BlackTeam "Belfort"]
[WhiteTeamCountry "FRA"]
[BlackTeamCountry "FRA"]

1. d4 Nf6 2. c4 e6 3. Nf3 b6 4. a3 Ba6 5. Qb3 d5 6. cxd5 Qxd5 7. Qc2 c5 8. Nc3 Qd7 9. Bg5 cxd4 10. Rd1 Nc6 11. Qa4 Bb7 12. e3 Nd5 13. Nxd5 Qxd5 14. Bc4 Bb4+ 15. Qxb4 Nxb4 16. Bxd5 Nxd5 17. Nxd4 0-0 18. e4 Nf6 19. f3 a6 20. Ke2 Rac8 21. Rd2 Rc7 22. Rhd1 Bc8 23. Ke3 h6 24. Bf4 Rd7 25. Nc6 Rxd2 26. Rxd2 Bd7 27. Rd6 Bxc6 28. Rxc6 Nd7 29. Bd6 Rd8 30. e5 f6 31. f4 Kf7 32. b4 g5 33. g3 gxf4+ 34. gxf4 fxe5 35. fxe5 a5 36. bxa5 bxa5 37. Rc7 a4 38. Ra7 h5 39. Kf4 h4 40. Kg4 Kg6 41. Rxa4 Nb6 42. Bc7 Nxa4 43. Bxd8 1-0

[Event "FRA-ch U18"]
[Site "Le Grand Bornand"]
[Date "2007.04.14"]
[Round "8"]
[White "Monsieux, Cyril"]
[Black "Wunderman, Xavier"]
[Result "1-0"]
[WhiteElo "2301"]
[BlackElo "2136"]
[PlyCount "88"]
[EventDate "2007.04.07"]
[EventType "swiss"]
[EventRounds "9"]
[EventCountry "FRA"]
[SourceTitle "CBM 118 Extra"]
[Source "ChessBase"]
[SourceDate "2007.07.04"]
[SourceVersion "1"]
[SourceVersionDate "2007.07.04"]
[SourceQuality "1"]

1. e4 c6 2. d4 d5 3. Nc3 dxe4 4. Nxe4 Nd7 5. Nf3 Ngf6 6. Nxf6+ Nxf6 7. Ne5 Bf5 8. c3 e6 9. g4 Bg6 10. h4 Bd6 11. Qe2 Bxe5 12. dxe5 Qd5 13. Rh3 Nxg4 14. Qxg4 Bf5 15. Qd4 Qxd4 16. cxd4 Bxh3 17. Bxh3 Rd8 18. Be3 Ke7 19. Ke2 f6 20. Rc1 h6 21. Rg1 Kf7 22. exf6 gxf6 23. Rc1 Rd5 24. Bg4 Rg8 25. Bf3 Rd7 26. h5 a6 27. Rd1 Rh8 28. Rg1 Rg8 29. Rxg8 Kxg8 30. Kd3 Kg7 31. Kc4 Re7 32. Kc5 Rd7 33. a4 Kh7 34. a5 Kg7 35. Kb6 f5 36. Bf4 Kf7 37. Bc7 Rxd4 38. Kxb7 Rb4+ 39. Kxa6 Rxb2 40. Bb6 e5 41. Bxc6 Ke6 42. Kb7 e4 43. a6 Ke5 44. a7 Ra2 1-0

[Event "FRA-ch U18"]
[Site "Le Grand Bornand"]
[Date "2007.04.13"]
[Round "7"]
[White "Vernay, Clovis"]
[Black "Monsieux, Cyril"]
[Result "1-0"]
[WhiteElo "2347"]
[BlackElo "2301"]
[PlyCount "41"]
[EventDate "2007.04.07"]
[EventType "swiss"]
[EventRounds "9"]
[EventCountry "FRA"]
[SourceTitle "CBM 118 Extra"]
[Source "ChessBase"]
[SourceDate "2007.07.04"]
[SourceVersion "1"]
[SourceVersionDate "2007.07.04"]
[SourceQuality "1"]

1. d4 Nf6 2. c4 e6 3. Nc3 Bb4 4. Qc2 d5 5. cxd5 exd5 6. Bg5 c5 7. dxc5 h6 8. Bxf6 Qxf6 9. e3 Bf5 10. Bd3 Bxc3+ 11. bxc3 Qg6 12. Bxf5 Qxg2 13. 0-0-0 Qxh1 14. f3 Nc6 15. Qf2 Ne5 16. Qg3 0-0 17. Bh3 h5 18. Qxe5 Rae8 19. Qf4 f6 20. Ne2 g5 21. Qg3 1-0

[Event "FRA-ch U18"]
[Site "Le Grand Bornand"]
[Date "2007.04.10"]
[Round "4"]
[White "Brethes, Francois"]
[Black "Monsieux, Cyril"]
[Result "0-1"]
[WhiteElo "2180"]
[BlackElo "2301"]
[PlyCount "130"]
[EventDate "2007.04.07"]
[EventType "swiss"]
[EventRounds "9"]
[EventCountry "FRA"]
[SourceTitle "CBM 118 Extra"]
[Source "ChessBase"]
[SourceDate "2007.07.04"]
[SourceVersion "1"]
[SourceVersionDate "2007.07.04"]
[SourceQuality "1"]

1. d4 Nf6 2. Nf3 e6 3. c4 b6 4. e3 Bb7 5. Bd3 d5 6. b3 Bb4+ 7. Bd2 a5 8. a3 Bxd2+ 9. Nbxd2 0-0 10. Qc2 a4 11. b4 dxc4 12. Bxc4 Nbd7 13. 0-0 Qe7 14. b5 e5 15. dxe5 Nxe5 16. Be2 Rfd8 17. Rfc1 Rd7 18. Nxe5 Qxe5 19. Nf3 Qe4 20. Qxe4 Nxe4 21. Nd4 Nc5 22. Rab1 Bd5 23. Bc4 Bxc4 24. Rxc4 Re8 25. g3 g6 26. Rb2 Kg7 27. Kg2 Re4 28. Rbb4 Rd5 29. Ne2 Rxc4 30. Rxc4 Rd2 31. Nd4 Ra2 32. Rc3 Kf6 33. Kf3 Rxf2+ 34. Kxf2 Ne4+ 35. Ke2 Nxc3+ 36. Kd3 Nd5 37. Ne2 Ke5 38. e4 Ne7 39. Nc3 f5 40. exf5 gxf5 41. Nxa4 Kd5 42. h4 h5 43. Nb2 Ng6 44. Ke3 f4+ 45. gxf4 Nxh4 46. a4 Nf5+ 47. Kd3 h4 48. Nd1 h3 49. Nf2 h2 50. Nh1 Nd6 51. Nf2 Ne4 52. Nh1 Nc5+ 53. Ke3 Nxa4 54. Kf3 Nc3 55. Kg3 Ke4 56. Nf2+ Kf5 57. Kxh2 Kxf4 58. Kg2 Nxb5 59. Kf1 Ke3 60. Ng4+ Kd2 61. Kf2 Nd6 62. Ne5 b5 63. Nc6 Kc3 64. Ke2 b4 65. Kd1 b3 0-1

[Event "FRA-ch U18 playoff"]
[Site "Le Grand Bornand"]
[Date "2007.04.07"]
[Round "2"]
[White "Vernay, Clovis"]
[Black "Monsieux, Cyril"]
[Result "0-1"]
[WhiteElo "2341"]
[BlackElo "2294"]
[PlyCount "97"]
[EventDate "2007.04.07"]
[EventType "swiss"]
[EventRounds "7"]
[EventCountry "FRA"]
[SourceTitle "CBM 118 Extra"]
[Source "ChessBase"]
[SourceDate "2007.07.04"]
[SourceVersion "1"]
[SourceVersionDate "2007.07.04"]
[SourceQuality "1"]

1. d4 Nf6 2. c4 e6 3. Nf3 b6 4. g3 Ba6 5. Nbd2 c6 6. Bg2 d5 7. Qc2 Be7 8. 0-0 0-0 9. b3 Bb7 10. Bb2 a5 11. Ne5 Nfd7 12. e4 Nxe5 13. dxe5 d4 14. Rad1 c5 15. f4 a4 16. Qb1 axb3 17. Kh1 Qd7 18. a3 Na6 19. f5 Rfd8 20. f6 Bf8 21. Qd3 Qc7 22. Nf3 b5 23. Qxb3 bxc4 24. Qxc4 Bxe4 25. Rde1 Bd5 26. Qc2 g6 27. Rc1 Qb7 28. Ba1 Nb8 29. Rb1 Qc6 30. Rbc1 Qb7 31. Rb1 Qc6 32. Rbc1 Qb7 33. Rf2 Be4 34. Qa2 Bd5 35. Qd2 Rxa3 36. Re1 Ra2 37. Qxa2 Bxa2 38. Rxa2 Qb3 39. Rb2 Qa3 40. Rb7 d3 41. Ng5 d2 42. Rd1 Qa4 43. Bf3 Nd7 44. Bc3 h6 45. Ne4 Qa3 46. Rxd2 Qa6 47. Rb1 Rb8 48. Ra1 Qb5 49. Kg2 0-1

[Event "FRA-ch U18 playoff"]
[Site "Le Grand Bornand"]
[Date "2007.04.07"]
[Round "2"]
[White "Vernay, Clovis"]
[Black "Monsieux, Cyril"]
[Result "1-0"]
[WhiteElo "2341"]
[BlackElo "2294"]
[PlyCount "57"]
[EventDate "2007.04.07"]
[EventType "swiss"]
[EventRounds "7"]
[EventCountry "FRA"]
[SourceTitle "CBM 118 Extra"]
[Source "ChessBase"]
[SourceDate "2007.07.04"]
[SourceVersion "1"]
[SourceVersionDate "2007.07.04"]
[SourceQuality "1"]

1. d4 g6 2. c4 Bg7 3. e4 c6 4. Nf3 d6 5. Nc3 a6 6. Bd3 b5 7. 0-0 Bg4 8. Be3 Nf6 9. h3 Bxf3 10. Qxf3 Nfd7 11. Rfd1 0-0 12. Bf1 Nb6 13. b3 bxc4 14. bxc4 Ra7 15. Rab1 N8d7 16. c5 dxc5 17. dxc5 Nc8 18. Na4 Qa5 19. Nb6 Ncxb6 20. cxb6 Rb7 21. Qe2 Ra8 22. Qc4 c5 23. Qd5 Rab8 24. Qc6 Rxb6 25. Rxb6 Nxb6 26. Qc7 Rc8 27. Rd8+ Rxd8 28. Qxd8+ Bf8 29. Bh6 1-0

[Event "FRA-chT2 East 0607"]
[Site "France"]
[Date "2007.01.20"]
[Round "5.4"]
[White "Mohebbi, Jaffar"]
[Black "Monsieux, Cyril"]
[Result "1/2-1/2"]
[WhiteElo "2287"]
[BlackElo "2294"]
[PlyCount "47"]
[EventDate "2006.10.15"]
[EventType "team"]
[EventRounds "11"]
[EventCountry "FRA"]
[SourceTitle "EXT 2008"]
[Source "ChessBase"]
[SourceDate "2007.11.25"]
[SourceVersion "1"]
[SourceVersionDate "2007.11.25"]
[SourceQuality "1"]
[WhiteTeam "Gambsheim"]
[BlackTeam "Belfort"]
[WhiteTeamCountry "FRA"]
[BlackTeamCountry "FRA"]

1. d4 Nf6 2. Nf3 e6 3. g3 b6 4. Bg2 Bb7 5. 0-0 c5 6. dxc5 Bxc5 7. c4 0-0 8. a3 d5 9. b4 Be7 10. cxd5 Qxd5 11. Nc3 Qh5 12. Bb2 Rd8 13. Qb3 Nbd7 14. Rfd1 a5 15. Nd4 Bxg2 16. Kxg2 Rac8 17. b5 Ne5 18. h3 Nfd7 19. Na4 Nc5 20. Nxc5 Bxc5 21. Nf3 Nxf3 22. Qxf3 Qxf3+ 23. Kxf3 f6 24. e3 1/2-1/2

[Event "FRA-chT2 East 0607"]
[Site "France"]
[Date "2006.12.10"]
[Round "4.2"]
[White "Monsieux, Cyril"]
[Black "Schmider, Bernd"]
[Result "1-0"]
[WhiteElo "2295"]
[BlackElo "2217"]
[PlyCount "75"]
[EventDate "2006.10.15"]
[EventType "team"]
[EventRounds "11"]
[EventCountry "FRA"]
[SourceTitle "EXT 2008"]
[Source "ChessBase"]
[SourceDate "2007.11.25"]
[SourceVersion "1"]
[SourceVersionDate "2007.11.25"]
[SourceQuality "1"]
[WhiteTeam "Belfort"]
[BlackTeam "Obernai"]
[WhiteTeamCountry "FRA"]
[BlackTeamCountry "FRA"]

1. e4 Nf6 2. e5 Nd5 3. c4 Nb6 4. d4 d6 5. Nf3 g6 6. Be2 Bg7 7. exd6 cxd6 8. Nc3 0-0 9. 0-0 Bg4 10. Be3 Nc6 11. b3 e5 12. dxe5 dxe5 13. Qxd8 Rfxd8 14. Rad1 h6 15. h3 Be6 16. Nb5 Nd7 17. Nc7 Rac8 18. Nxe6 fxe6 19. Bd3 Kf7 20. Be4 Nf8 21. Bc5 g5 22. Bd6 Ng6 23. Rfe1 Rd7 24. Bc5 Rcd8 25. Rxd7+ Rxd7 26. g3 a6 27. Kg2 Nge7 28. b4 Nd4 29. Rd1 Ke8 30. a4 Nec6 31. b5 Ne7 32. Bb6 Nc8 33. Bxd4 exd4 34. bxa6 bxa6 35. Bc6 e5 36. Nxe5 Bxe5 37. Re1 Ne7 38. Rxe5 1-0

[Event "FRA-chT2 East 0607"]
[Site "France"]
[Date "2006.11.26"]
[Round "3.3"]
[White "Monsieux, Cyril"]
[Black "Lutz, Eric"]
[Result "1-0"]
[WhiteElo "2295"]
[BlackElo "2191"]
[PlyCount "97"]
[EventDate "2006.10.15"]
[EventType "team"]
[EventRounds "11"]
[EventCountry "FRA"]
[SourceTitle "EXT 2008"]
[Source "ChessBase"]
[SourceDate "2007.11.25"]
[SourceVersion "1"]
[SourceVersionDate "2007.11.25"]
[SourceQuality "1"]
[WhiteTeam "Belfort"]
[BlackTeam "Bischwiller II"]
[WhiteTeamCountry "FRA"]
[BlackTeamCountry "FRA"]

1. e4 e6 2. d4 d5 3. Nd2 Nf6 4. e5 Nfd7 5. f4 c5 6. c3 Nc6 7. Ndf3 Qb6 8. h4 cxd4 9. cxd4 Bb4+ 10. Kf2 f6 11. Be3 0-0 12. a3 Be7 13. b4 Qd8 14. Bd3 fxe5 15. fxe5 Ndxe5 16. dxe5 Nxe5 17. Ke2 Nxd3 18. Qxd3 Bd7 19. Ne5 Ba4 20. Ngf3 Qe8 21. Kf2 Bd6 22. Bd4 Rc8 23. Rhc1 Qh5 24. Kg1 a6 25. Rc3 Rfd8 26. Qe3 h6 27. Nd3 Bg3 28. Qxe6+ Kh7 29. Qe7 Qg4 30. Ng5+ Kg6 31. Qe6+ Kh5 32. Qxg4+ Kxg4 33. Ne6 g5 34. Nxd8 Rxd8 35. hxg5 hxg5 36. Be5 d4 37. Rcc1 Bb5 38. Nf2+ Bxf2+ 39. Kxf2 Rf8+ 40. Kg1 d3 41. a4 Bc6 42. Rc4+ Kh5 43. Rd4 Re8 44. Re1 Bxa4 45. Rxd3 Bb5 46. Rde3 Rc8 47. Bc3 Rc4 48. Rd1 Rf4 49. Rh3+ 1-0

[Event "Agneaux St Lo IM"]
[Site "Agneaux"]
[Date "2006.07.14"]
[Round "7"]
[White "Monsieux, Cyril"]
[Black "David, Vincent"]
[Result "0-1"]
[WhiteElo "2305"]
[BlackElo "2327"]
[PlyCount "122"]
[EventDate "2006.07.08"]
[EventType "tourn"]
[EventRounds "9"]
[EventCountry "FRA"]
[EventCategory "4"]
[SourceTitle "CBM 113 Extra"]
[Source "ChessBase"]
[SourceDate "2006.09.14"]
[SourceVersion "1"]
[SourceVersionDate "2006.09.14"]
[SourceQuality "1"]

1. e4 e6 2. d4 d5 3. Nd2 dxe4 4. Nxe4 Nd7 5. Bd3 Ngf6 6. Qe2 c5 7. Nxf6+ Nxf6 8. dxc5 Bxc5 9. Bd2 0-0 10. 0-0-0 Qb6 11. Nf3 e5 12. Ng5 Bxf2 13. Rdf1 Bd4 14. Rxf6 Qxb2+ 15. Kd1 Qa1+ 16. Bc1 e4 17. Qxe4 g6 18. Rf4 Bf6 19. h4 Bb2 20. Qe3 Bd7 21. Ke2 Rae8 22. Be4 Qxa2 23. Bxb2 Qxb2 24. Kf2 h6 25. Nf3 Bc6 26. Qd3 Qb6+ 27. Kg3 Bxe4 28. Rxe4 Qc7+ 29. Kh3 Qc8+ 30. Kh2 Rxe4 31. Qxe4 Re8 32. Ne5 Qc7 33. Re1 h5 34. c4 Re6 35. g3 a5 36. Qd4 Qe7 37. Qc3 Qf6 38. Kg2 b6 39. Re3 Qe7 40. Kf2 Qc5 41. Ke2 b5 42. Nf3 b4 43. Qd4 Rxe3+ 44. Kxe3 Qf5 45. Qd8+ Kg7 46. Qd4+ Kg8 47. Qe4 Qc5+ 48. Ke2 b3 49. Kd2 Qb4+ 50. Ke2 b2 51. Nd2 a4 52. Nb1 a3 53. Qa8+ Kg7 54. Qxa3 Qxc4+ 55. Kd2 Qc1+ 56. Ke2 Qxb1 57. Qc3+ Kh7 58. Qb3 Qe4+ 59. Kd2 Qg2+ 60. Kd1 Qf1+ 61. Kc2 Qc1+ 0-1

[Event "Mulhouse"]
[Site "Mulhouse"]
[Date "2006.07.01"]
[Round "4"]
[White "Netzer, Jean"]
[Black "Monsieux, Cyril"]
[Result "1-0"]
[WhiteElo "2362"]
[BlackElo "2300"]
[PlyCount "87"]
[EventDate "2006.06.29"]
[EventType "tourn"]
[EventRounds "9"]
[EventCountry "FRA"]
[EventCategory "5"]
[SourceTitle "EXT 2007"]
[Source "ChessBase"]
[SourceDate "2006.11.23"]
[SourceVersion "1"]
[SourceVersionDate "2006.11.23"]
[SourceQuality "1"]

1. e4 e5 2. Bc4 Nf6 3. d3 c6 4. Nf3 Be7 5. 0-0 Qc7 6. Bb3 0-0 7. Re1 d6 8. h3 Nbd7 9. c3 d5 10. exd5 cxd5 11. Bg5 Bd6 12. Na3 Bxa3 13. bxa3 Re8 14. Qd2 Qd6 15. Re3 a5 16. a4 Ra6 17. Rae1 h6 18. Bxf6 gxf6 19. d4 e4 20. c4 f5 21. c5 Qc6 22. Rc3 b6 23. cxb6 Qd6 24. b7 Bxb7 25. Nh4 f4 26. g3 Kh7 27. Qxf4 Qxf4 28. gxf4 Bc6 29. Rec1 Re6 30. Kh2 Rf6 31. f5 h5 32. Rg1 Nb6 33. Bd1 Bd7 34. Rg5 Bxa4 35. Bxh5 Nc4 36. Rcg3 Nd6 37. Rg7+ Kh6 38. Rg8 Kxh5 39. Ng2 Ra8 40. Rxa8 Be8 41. Ne3 a4 42. Rg8 Bd7 43. Rh8+ Kg5 44. Rag8+ 1-0

[Event "FRA-ch U18"]
[Site "Aix les Bains"]
[Date "2006.04.??"]
[Round "3"]
[White "Durczak, Mathieu"]
[Black "Monsieux, Cyril"]
[Result "0-1"]
[WhiteElo "2065"]
[BlackElo "2300"]
[PlyCount "80"]
[EventDate "2006.04.??"]
[EventType "swiss"]
[EventRounds "8"]
[EventCountry "FRA"]
[SourceTitle "EXT 2007"]
[Source "ChessBase"]
[SourceDate "2006.11.23"]
[SourceVersion "1"]
[SourceVersionDate "2006.11.23"]
[SourceQuality "1"]

1. c4 c5 2. g3 Nf6 3. Nc3 d5 4. cxd5 Nxd5 5. Bg2 Nc7 6. Nf3 Nc6 7. 0-0 e5 8. d3 Be7 9. Nd2 Bd7 10. Nc4 f6 11. f4 b5 12. Ne3 exf4 13. gxf4 Rb8 14. Ncd5 0-0 15. f5 Bd6 16. Kh1 Nd4 17. b4 Bc6 18. Nf4 Bxg2+ 19. Nfxg2 cxb4 20. Bb2 Nc6 21. Qb3+ Kh8 22. Rac1 Qd7 23. Rf3 a5 24. Rh3 a4 25. Qd1 Ne7 26. Rh5 Qe8 27. Rh3 Qf7 28. Qe1 Qxa2 29. Qh4 Qg8 30. Qh5 Ncd5 31. Ng4 Nf4 32. Nxf4 Bxf4 33. Rg1 Bg5 34. Rf3 Qf7 35. Qh3 a3 36. Bd4 b3 37. Nf2 b2 38. Ne4 Bc1 39. Nd6 Qg8 40. Rfg3 b1Q 0-1

[Event "Cappelle op 22nd"]
[Site "Cappelle la Grande"]
[Date "2006.02.20"]
[Round "3"]
[White "Monsieux, Cyril"]
[Black "Kveinys, Aloyzas"]
[Result "0-1"]
[WhiteElo "2282"]
[BlackElo "2517"]
[PlyCount "56"]
[EventDate "2006.02.18"]
[EventType "swiss"]
[EventRounds "10"]
[EventCountry "FRA"]
[SourceTitle "CBM 110 Extra"]
[Source "ChessBase"]
[SourceDate "2006.03.10"]
[SourceVersion "2"]
[SourceVersionDate "2006.03.10"]
[SourceQuality "1"]

1. e4 c5 2. Nf3 e6 3. d4 cxd4 4. Nxd4 a6 5. Bd3 g6 6. Nc3 Bg7 7. Be3 d6 8. Qd2 Nd7 9. 0-0 Qc7 10. a4 Ne5 11. h3 Bd7 12. a5 Nf6 13. Bh6 0-0 14. Bxg7 Kxg7 15. Kh1 Rfd8 16. f4 Nc4 17. Qe1 Nxb2 18. e5 dxe5 19. fxe5 Nh5 20. Ne4 Qxe5 21. Nf3 Qc7 22. g4 Nf4 23. Qh4 f5 24. gxf5 exf5 25. Neg5 h6 26. Rae1 Re8 27. Nh7 Kxh7 28. Rxe8 Rxe8 0-1

[Event "Cappelle op 22nd"]
[Site "Cappelle la Grande"]
[Date "2006.02.19"]
[Round "2"]
[White "Zhigalko, Andrey"]
[Black "Monsieux, Cyril"]
[Result "1-0"]
[WhiteElo "2505"]
[BlackElo "2282"]
[PlyCount "37"]
[EventDate "2006.02.18"]
[EventType "swiss"]
[EventRounds "10"]
[EventCountry "FRA"]
[SourceTitle "CBM 110 Extra"]
[Source "ChessBase"]
[SourceDate "2006.03.10"]
[SourceVersion "2"]
[SourceVersionDate "2006.03.10"]
[SourceQuality "1"]

1. e4 e5 2. Nf3 Nc6 3. Bb5 a6 4. Ba4 Nf6 5. 0-0 b5 6. Bb3 Be7 7. d4 Nxe4 8. Nxe5 Nxe5 9. dxe5 Bb7 10. Qg4 0-0 11. f3 h5 12. Qxh5 Bc5+ 13. Kh1 Nf2+ 14. Rxf2 Bxf2 15. Bg5 Qe8 16. f4 Bc5 17. Nc3 Be7 18. Re1 b4 19. Re3 1-0

[Event "EU-ch U16"]
[Site "Herceg Novi"]
[Date "2005.09.21"]
[Round "7"]
[White "Monsieux, Cyril"]
[Black "Krivoborodov, Egor"]
[Result "1-0"]
[WhiteElo "2206"]
[BlackElo "2390"]
[PlyCount "93"]
[EventDate "2005.09.14"]
[EventType "swiss"]
[EventRounds "9"]
[EventCountry "YUG"]
[SourceTitle "CBM 108 Extra"]
[Source "ChessBase"]
[SourceDate "2005.11.04"]
[SourceVersion "1"]
[SourceVersionDate "2005.11.04"]
[SourceQuality "1"]

1. e4 c6 2. d4 d5 3. Nc3 dxe4 4. Nxe4 Bf5 5. Nc5 Nd7 6. Nxb7 Qc7 7. Nc5 Nxc5 8. dxc5 Rd8 9. Bd3 e5 10. b4 e4 11. Qe2 Ne7 12. Bc4 Qe5 13. Rb1 Qc3+ 14. Kf1 Nd5 15. a3 Qf6 16. Bb2 Qg6 17. Bxd5 Rxd5 18. Qe3 Be7 19. h4 0-0 20. Ne2 Qg4 21. f3 exf3 22. gxf3 Qh5 23. Nf4 Bg5 24. Qc3 Bf6 25. Nxh5 Bxc3 26. Bxc3 Bxc2 27. Rg1 f6 28. Rxg7+ Kh8 29. Re1 Rxh5 30. Rxa7 Bg6 31. Re6 Rf5 32. Ke2 Bf7 33. Ree7 Bc4+ 34. Ke3 Rh5 35. Rac7 Bd5 36. a4 Rxh4 37. Rf7 Re8+ 38. Rfe7 Rf8 39. Kf2 Rh3 40. Kg2 Rh6 41. a5 Rg8+ 42. Kf2 Rh2+ 43. Ke3 Rf8 44. a6 Rh3 45. a7 Rxf3+ 46. Kd2 Rh3 47. Bxf6+ 1-0